书目信息 |
| 题名: |
自然垄断产业的管制与反垄断法适用平衡机制研究
|
|
| 作者: | 骆旭旭 著 | |
| 分册: | ||
| 出版信息: | 长春 吉林大学出版社 2020 |
|
| 页数: | 228页 | |
| 开本: | 24cm | |
| 丛书名: | ||
| 单 册: | ||
| 中图分类: | D922.294.4 , F269.22 , D922.2 | |
| 科图分类: | ||
| 主题词: | 垄断行业--政府管制--关系--反垄断法--研究--中国 | |
| 电子资源: | ||
| ISBN: | 978-7-5692-6953-6 | |
| 000 | 01091nam0 2200241 450 | |
| 001 | 2356523489 | |
| 005 | 20231103154227.64 | |
| 010 | @a978-7-5692-6953-6@dCNY60.00 | |
| 100 | @a20201128d2020 em y0chiy50 ea | |
| 101 | 0 | @achi |
| 102 | @aCN@b220000 | |
| 105 | @ay z 000yy | |
| 200 | 1 | @a自然垄断产业的管制与反垄断法适用平衡机制研究@9zi ran long duan chan ye de guan zhi yu fan long duan fa shi yong ping heng ji zhi yan jiu@f骆旭旭著 |
| 210 | @a长春@c吉林大学出版社@d2020 | |
| 215 | @a228页@d24cm | |
| 330 | @a本书利用经济学、法学和社会学的有关理论,结合自然垄断产业和互联网平台产业反垄断的最新典型案例,研究自然垄断产业管制与反垄断法实施的一般关系、管制行为反垄断法的豁免或除外适用制度、产业管制机构与反垄断执法机构的协作关系和管制行为的反垄断司法审查限度等多个制度,并提出构建我国自然垄断产业管制与平衡机制的制度建议。 | |
| 606 | 0 | @a垄断行业@x政府管制@x关系@x反垄断法@x研究@y中国 |
| 690 | @aD922.294.4@v5 | |
| 690 | @aF269.22@v5 | |
| 690 | @aD922.2@v4 | |
| 701 | 0 | @a骆旭旭@9luo xu xu@4著 |
| 801 | 0 | @aCN@b大连网信软件有限公司图书馆·11@c20231103 |
| 905 | @aBZT@dD922.2@e30 | |
| 自然垄断产业的管制与反垄断法适用平衡机制研究/骆旭旭著.-长春:吉林大学出版社,2020 |
| 228页;24cm |
| ISBN 978-7-5692-6953-6:CNY60.00 |
| 本书利用经济学、法学和社会学的有关理论,结合自然垄断产业和互联网平台产业反垄断的最新典型案例,研究自然垄断产业管制与反垄断法实施的一般关系、管制行为反垄断法的豁免或除外适用制度、产业管制机构与反垄断执法机构的协作关系和管制行为的反垄断司法审查限度等多个制度,并提出构建我国自然垄断产业管制与平衡机制的制度建议。 |
| ● |
| 相关链接 |
|
|
|
正题名:自然垄断产业的管制与反垄断法适用平衡机制研究
索取号:D922.2/30
 
预约/预借
| 序号 | 登录号 | 条形码 | 馆藏地/架位号 | 状态 | 备注 |
| 1 | 2000944287 | 2000944287 | 安徽、中教混合/安徽时代(第一批)/94/ [索取号:D922.2/30] | 在馆 | |
| 2 | 2000944288 | 2000944288 | 安徽、中教混合/安徽时代(第一批)/94/ [索取号:D922.2/30] | 在馆 | |
| 3 | 2000944289 | 2000944289 | 安徽、中教混合/安徽时代(第一批)/94/ [索取号:D922.2/30] | 在馆 | |
| 4 | 2000944290 | 2000944290 | 安徽、中教混合/安徽时代(第一批)/94/ [索取号:D922.2/30] | 在馆 | |
| 5 | 2000944291 | 2000944291 | 安徽、中教混合/安徽时代(第一批)/94/ [索取号:D922.2/30] | 在馆 | |
| 6 | 2000944292 | 2000944292 | 安徽、中教混合/安徽时代(第一批)/94/ [索取号:D922.2/30] | 在馆 |